|
|
|
|
| LEADER |
01572ppm a22003858a 4500 |
| 001 |
00031782 |
| 005 |
20171026081025.0 |
| 008 |
140217s2011 ||||||viesd |
| 041 |
0 |
# |
|a vie
|
| 082 |
1 |
4 |
|b TH552TR
|a 613.9
|
| 245 |
1 |
0 |
|a Thực trạng nhận thức, thái độ về vấn đề quan hệ tình dục an toàn của sinh viên hiện nay (Qua khảo sát tại KTX Trường Đại học Đồng Tháp)
|b Khóa luận tốt nghiệp : Ngành Công tác xã hội: Trình độ : Đại học
|c Phạm Thị Huệ, Trần Thanh Bình, Phan Thị Ngọc Mai; Trần Kim Ngọc (hướng dẫn)
|
| 260 |
# |
# |
|a Đồng Tháp
|b Trường Đại học Đồng Tháp
|c 2011
|
| 300 |
# |
# |
|a 60 tr. +phụ lục
|c 30 cm.
|e 1 bản tóm tắt
|
| 500 |
# |
# |
|a ĐTTTS ghi: Bộ Giáo dục và Đào tạo. Trường Đại học Đồng Tháp
|
| 653 |
# |
# |
|a Quan hệ tình dục
|
| 653 |
# |
# |
|a Nhận thức
|
| 653 |
# |
# |
|a Sinh viên
|
| 653 |
# |
# |
|a Đại học Đồng Tháp
|
| 653 |
# |
# |
|a Thực trạng
|
| 653 |
# |
# |
|a Thái độ
|
| 700 |
1 |
# |
|a Phạm, Thị Huệ
|
| 700 |
1 |
# |
|a Phan, Thị Ngọc Mai
|
| 700 |
1 |
# |
|a Trần, Kim Ngọc
|e hướng dẫn
|
| 700 |
1 |
# |
|a Trần, Thanh Bình
|
| 852 |
# |
# |
|b Kho đọc
|j KD.0015367
|
| 852 |
# |
# |
|j KD.0015367
|
| 910 |
0 |
# |
|d 26/02/2014
|
| 980 |
# |
# |
|a Trung tâm Học liệu Lê Vũ Hùng, Trường Đại học Đồng Tháp
|